| 000 | 00972nas a2200313 4500 | ||
|---|---|---|---|
| 001 | BR2014005156 | ||
| 003 | BR-BrBNA | ||
| 005 | 20231205124407.0 | ||
| 007 | ta | ||
| 008 | 230509b bl.|||p| |||| 00| 00por d | ||
| 040 |
_aBR-BrBNA _bpor _cBiblioteca Nacional de Agricultura |
||
| 041 | _a(En) | ||
| 072 | _aF62; F03 | ||
| 100 | 1 | _aPereira, D. de S. | |
| 100 | 1 | _aSousa, J.E.S. | |
| 100 | 1 | _aPereira, M. de S. | |
| 100 | 1 | _aGonçalves, N.R. | |
| 100 | 1 | _aBezerra, A.M.E. | |
| 245 | 1 | _aInfluência da maturação dos frutos na emergência e crescimento inicial de Copernicia hospita Mart. - Arecaceae | |
| 650 | _aCARNAÚBA | ||
| 650 | _aMATURAÇÃO | ||
| 650 | _aCRESCIMENTO | ||
| 650 | _aCONTROLE DE QUALIDADE | ||
| 650 | _aSEMENTE | ||
| 650 | _aEMBEBIÇÃO | ||
| 773 | 0 |
_tRevista Ciência Agronômica (Brazil) _xISSN 0045-6888 _g(Jan-Mar 2014), v. 45(1) p. 214-220 _wBR2014005156 |
|
| 909 |
_a202311 _bLúcia _c55 _dLúcia Elande |
||
| 942 |
_2AGRIS _n0 _cANA |
||
| 999 |
_c238838 _d238838 |
||